<?xml version="1.0" encoding="UTF-8"?><?xml-stylesheet type="text/xsl" href="static/style.xsl"?><OAI-PMH xmlns="http://www.openarchives.org/OAI/2.0/" xmlns:xsi="http://www.w3.org/2001/XMLSchema-instance" xsi:schemaLocation="http://www.openarchives.org/OAI/2.0/ http://www.openarchives.org/OAI/2.0/OAI-PMH.xsd"><responseDate>2026-06-03T11:43:45Z</responseDate><request verb="GetRecord" identifier="oai:riuma.uma.es:10630/24427" metadataPrefix="marc">https://riuma.uma.es/rest/oai/request</request><GetRecord><record><header><identifier>oai:riuma.uma.es:10630/24427</identifier><datestamp>2026-02-03T12:20:28Z</datestamp><setSpec>com_10630_2254</setSpec><setSpec>col_10630_37959</setSpec></header><metadata><record xmlns="http://www.loc.gov/MARC21/slim" xmlns:dcterms="http://purl.org/dc/terms/" xmlns:doc="http://www.lyncode.com/xoai" xmlns:xsi="http://www.w3.org/2001/XMLSchema-instance" xsi:schemaLocation="http://www.loc.gov/MARC21/slim http://www.loc.gov/standards/marcxml/schema/MARC21slim.xsd">
   <leader>00925njm 22002777a 4500</leader>
   <datafield ind2=" " ind1=" " tag="042">
      <subfield code="a">dc</subfield>
   </datafield>
   <datafield ind2=" " ind1=" " tag="720">
      <subfield code="a">García-Lafuente, Jesús</subfield>
      <subfield code="e">author</subfield>
   </datafield>
   <datafield ind2=" " ind1=" " tag="720">
      <subfield code="a">Sammartino, Simone</subfield>
      <subfield code="e">author</subfield>
   </datafield>
   <datafield ind2=" " ind1=" " tag="720">
      <subfield code="a">Sánchez-Leal, Ricardo</subfield>
      <subfield code="e">author</subfield>
   </datafield>
   <datafield ind2=" " ind1=" " tag="720">
      <subfield code="a">Nadal Arizo, Irene</subfield>
      <subfield code="e">author</subfield>
   </datafield>
   <datafield ind2=" " ind1=" " tag="720">
      <subfield code="a">Naranjo-Rosa, Cristina Belén</subfield>
      <subfield code="e">author</subfield>
   </datafield>
   <datafield ind2=" " ind1=" " tag="260">
      <subfield code="c">2022</subfield>
   </datafield>
   <datafield ind2=" " ind1=" " tag="520">
      <subfield code="a">Thermohaline properties of near-bottom (about 15m above seafloor) Mediterranean waters that form part of the Mediterranean outflow (MOW) have been monitored since 2004 at the Espartel Sill in the Strait of Gibraltar, the westernmost gate before the MOW spreads in the Gulf of Cadiz and the Atlantic Ocean (Sammartino et al. 2015; doi:10.1002/2014JC010674). Monitored near-bottom water shows a surprising warming trend of 0.339 ± 0.008°C decade−1 from 2013 onwards, which is one order of magnitude greater than the usual deep waters trends reported in the Mediterranean (García-Lafuente et al. 2021; doi:10.3389/fmars.2021.613444). The origin of such trend might be the concomitant warming of deep waters unnoticed so far, which is not likely taking into account the observational effort being carried out in the basin, or the progressive increase of the contribution of the warmer and saltier Levantine Intermediate Water (LIW) in the MOW at the expense of the colder and fresher Western Mediterranean Deep Water (WMDW) counterpart. ERA5 climatic reanalysis points at average negative buoyancy flux anomalies in the Mediterranean basin during the period 2013-to-present, which implies reduced WMDW formation rates in the convection areas. Increased volume of LIW in the outflow would compensate the WMDW deficit in the MOW, thus explaining the temperature trend. The warming, in turn, will produce a more buoyant MOW in the Gulf of Cadiz with consequences to be investigated in the future.</subfield>
   </datafield>
   <datafield ind1="8" ind2=" " tag="024">
      <subfield code="a">https://hdl.handle.net/10630/24427</subfield>
   </datafield>
   <datafield tag="653" ind2=" " ind1=" ">
      <subfield code="a">Gibraltar (Estrecho)</subfield>
   </datafield>
   <datafield tag="653" ind2=" " ind1=" ">
      <subfield code="a">Mediterráneo</subfield>
   </datafield>
   <datafield tag="653" ind2=" " ind1=" ">
      <subfield code="a">Corrientes marinas</subfield>
   </datafield>
   <datafield tag="653" ind2=" " ind1=" ">
      <subfield code="a">Efectos del calentamiento global</subfield>
   </datafield>
   <datafield tag="653" ind2=" " ind1=" ">
      <subfield code="a">Circulación oceánica</subfield>
   </datafield>
   <datafield ind2="0" ind1="0" tag="245">
      <subfield code="a">Increased warming trend of the Mediterranean outflow into the North Atlantic Ocean</subfield>
   </datafield>
</record>
</metadata></record></GetRecord></OAI-PMH>